| 000 | 00621nam 22002053 4500 | ||
|---|---|---|---|
| 001 | 201375 | ||
| 010 | _a972-9001-51-0 | ||
| 021 | _b176645/2002 | ||
| 090 | _a201375 | ||
| 100 | _a20260318d u||y0pory50 ba | ||
| 200 |
_aO falar de Barroso _eo homem e a linguagem _fRui Dias Guimarães _gprefácios de Jorge Morais Barbosa, António Lourenço Fontes |
||
| 210 |
_aViseu _cJoão Azevedo Editor _d2002 |
||
| 215 |
_a670 p. _cbrochado _d24 cm |
||
| 610 | _afonética | ||
| 610 | _aléxico | ||
| 675 |
_a80 _vPT _zpor |
||
| 700 |
_916897 _aGuimarães _bRui Dias |
||
| 801 |
_aPT _bBMMN _gRPC |
||
| 830 |
_cFernando _fFernando |
||
| 990 | _cLIVROS | ||